Egyetemi hallgatókat toboroznak [Röv. hír.]
Elmentve itt :
| Dokumentumtípus: | Cikk |
|---|---|
| Megjelent: |
2010-11-25
|
| Sorozat: | Délmagyarország
100 No. 274 |
| Kulcsszavak: | Nyílt nap, 2010 |
| Online Access: | http://dmarchiv.bibl.u-szeged.hu/129264 |
| LEADER | 00420nab a2200145 i 4500 | ||
|---|---|---|---|
| 001 | delm129264 | ||
| 005 | 20200203112233.0 | ||
| 008 | 200203s2010 hu o 0|| hun d | ||
| 040 | |a SZTE Délmagyarország Archívum |b hun | ||
| 041 | |a hun | ||
| 245 | 0 | 0 | |a Egyetemi hallgatókat toboroznak [Röv. hír.] |h [elektronikus dokumentum] |
| 260 | |c 2010-11-25 | ||
| 300 | |a 5 | ||
| 490 | 0 | |a Délmagyarország |v 100 No. 274 | |
| 695 | |a Nyílt nap, 2010 | ||